Famous Sith Lords - Statistics

General Stats
  • This quiz has been taken 66 times
  • The average score is 9 of 14
Answer Stats
Hint Answer % Correct
Formerly Anakin Skywalker Darth Vader
87%
Bisected by Obi-Wan Kenobi and killed in a rematch with him several years later Maul
87%
The Emperor needs no introduction. Palpatine / Darth Sidious
87%
Formerly Ben Solo, brought Rey back to life after the Battle of Exegol Kylo Ren
85%
Nobleman Jedi who fell to the Dark Side and was decapitated by #11 Count Dooku
80%
Created the Sith Rule of Two Darth Bane
73%
Had two lightsabers: One Red and one Purple Revan
73%
Humanoid created by #8 to lead the First Order Supreme Leader Snoke
70%
#4's apprentice, who found a way to cheat death. Known as "the Wise" Darth Plagueis
68%
#11's apprentice in the comics and Legends Novels, fell in love with Juno Eclipse Galen Marek (clone)
60%
A Bith who was killed by his first apprentice on Bal'demnic Darth Tenebrous
38%
#2's apprentice and murderer Darth Zannah
32%
#4's second apprentice who was used in experiments and killed by, #5 Venamis
18%
Destroyed several Sith texts, dealing a massive blow to the Sith Darth Gravid
15%
No matching quizzes found
Score Distribution
Percent of People with Each Score
Percentile by Number Answered
Your Score History
You have not taken this quiz